TOTY 2026 - Statistiques

Statistiques générales
  • Ce quiz a été pris 96 fois
  • Le résultat moyen est 11 sur 11
Statistiques - réponses
poste club Réponse % Correct
DEFENSEUR CENTRAL ARSENAL SALIBA
99%
ATTANQUANT DROIT PSG DEMBELE
98%
MILIEU CENTRAL FC BARCELONE PEDRI
98%
GARDIEN MANCHESTER CITY DONNARUMA
96%
ATTANQUANT CENTRAL MANCHESTER CITY HAALAND
96%
ATTANQUANT GAUCHE REAL MADRID MBAPPE
96%
MILIEU CENTRAL ARSENAL RICE
95%
DEFENSEUR CENTRAL LIVERPOOL VAN DIJK
95%
MILIEU CENTRAL PSG VITINHA
94%
LATERAL GAUCHE PSG MENDES
93%
LATERAL DROIT FC BARCELONE KOUNDE
91%
Aucun quiz correspondant
Distribution des résultats
% des personnes avec chaque résultat
Percentile par nombre de réponses
Votre historique - résultats
Vous n’avez pas pris ce quiz